000 00794nam a22001697a 4500
999 _c63397
_d63397
003 Ge_BSU
005 20250930142929.0
008 250930s1980 ge ||||| |||| 00| 0 geo d
041 _ageo
080 _a331.104 კ-17
100 _aკაკაბაძე, დავით
_925904
245 _aშრომითი კოლექტივი-ჯანსაღი ატმოსფეროს შექმნის, ნეგატიურ მოვლენებთან ბრძოლის მძლავრი უჯრედი/
_cდ. კაკაბაძე.
264 _aთბ. :
_bსაბჭ. საქართველო,
_c1980.
300 _a71გვ. ;
_b16სმ.
653 _aშრომითი კოლექტივი
942 _2udc
_cᲬᲘᲒᲜᲘ